|
|
|
|
| LEADER |
01034nam a2200349 4500 |
| 001 |
DLU180183245 |
| 005 |
##20180119 |
| 020 |
# |
# |
|a 9786045369258
|
| 040 |
# |
# |
|a DLU
|b vie
|
| 041 |
# |
# |
|a vie
|
| 044 |
# |
# |
|a vn
|
| 082 |
# |
# |
|a 398.209 597
|b Sli
|
| 245 |
# |
# |
|a Sli lớn - dân ca của người Nùng Phàn Slình Lạng Sơn /
|c Hoàng Tuấn Cư, ... [et al.].
|
| 260 |
# |
# |
|a H. :
|b Hội nhà văn,
|c 2016.
|
| 300 |
# |
# |
|a 399 tr. ;
|c 21 cm.
|
| 504 |
# |
# |
|a Tài liệu tham khảo: tr. 381.
|
| 546 |
# |
# |
|a Tài liệu viết bằng tiếng Việt - Nùng.
|
| 650 |
# |
# |
|a Tày Nùng (Dân tộc Đông Nam Á)
|z Việt Nam
|z Lạng Sơn
|x Bài hát dân gian.
|
| 700 |
# |
# |
|a Hoàng Tuấn Cư,
|e sưu tầm, giới thiệu, dịch.
|
| 700 |
# |
# |
|a Hoàng Văn Mộc.
|
| 700 |
# |
# |
|a Lâm Xuân Đào.
|
| 923 |
# |
# |
|a 01/2017
|
| 991 |
# |
# |
|a SH
|
| 992 |
# |
# |
|a 16000
|
| 994 |
# |
# |
|a DLU
|
| 900 |
# |
# |
|a True
|
| 911 |
# |
# |
|a Nguyễn Thanh Hương
|
| 925 |
# |
# |
|a G
|
| 926 |
# |
# |
|a A
|
| 927 |
# |
# |
|a SH
|
| 980 |
# |
# |
|a Thư viện Trường Đại học Đà Lạt
|